000 00487nam a22001931 4500
001 bimo0001741592
003 OSt
005 20160411143217.0
008 011010s1946 ve spa
040 _cBMC
082 _aVe863.44
100 1 0 _aGallegos, Rómulo
_d1884-1969
_9132
245 1 0 _aCantaclaro
_cRómulo Gallegos
250 _a5ª ed
260 0 _aBuenos Aires
_bEspasa-Calpe
_c1947
300 _a259 p.
_c18 cm
490 0 _aAustral
_v192
942 _2ddc
_cBK
_hprozim
999 _c143
_d143